| 000 | 00950na a2200301 4500 | ||
|---|---|---|---|
| 001 | 22451 | ||
| 003 | MIRAKIL | ||
| 005 | 20181213155137.0 | ||
| 008 | 170214b tu 000 0 | ||
| 035 | _a20021 | ||
| 040 |
_aMilas _btur _cTR-AnCHP |
||
| 041 | _atur | ||
| 090 | _aSODEP | ||
| 110 | _aSosyal Demokrasi Partisi (SODEP) | ||
| 245 |
_aBursa yerel yönetim programı _cSosyal Demokrasi Partisi |
||
| 246 | _aSODEP bursa yerel yönetim | ||
| 246 | _aYerel yönetim | ||
| 260 |
_aAnkara _b[SODEP] _c[t.y.] |
||
| 300 |
_a24 s. _c20 sm. |
||
| 500 | _aDış kapakta EVET yazısı bulunmaktadır. | ||
| 500 | _aİç kapakta 'Amblemimiz zeytin dalı liderimiz İnönü başkanımız aşan' yazmaktadır | ||
| 610 |
_aSosyal Demokrasi Partisi (SODEP) _xYerel yönetim _xProgramlar _zBursa |
||
| 651 |
_aTürkiye _xSiyaset ve yönetim |
||
| 657 | _aSODEP tüzük | ||
| 830 | _aSODEP tüzükleri | ||
| 942 |
_2ddc _cBKS |
||
| 999 |
_c7402 _d7402 |
||